1565 1806 1084 1244 1740 1410 1428 1647 1608 1899 1784 1745 1785 1969 1399 1504 1867 1197 1332 1875 1320 1383 1498 1471 1827 1712 1451 1833 1846 1551 1363 1208 1364 1181 1849 1768 1341 1917 1180 1944 1759 1617 1111 1445 1251 1202 1051 1845 1818 1111 1081 1834 1028 1261 1138 1215 1861 1106 1283 1931 1549 1148 1544 1014 1017 1027 1004 1522 1612 1241 1989 1648 1289 1822 1306 1105 1885 1455 1246 1790 1596 1363 1679 1633 1668 1041 1330 1505 1444 1191 1078 1605 1551 1392 1529 1060 2000 1725 1307 BCNSPRNW ULIB Ver.6.0+V

เปลี่ยนเป็นภาษาไทย

Change to English
 แสดงรายละเอียดบรรณานุกรม
  กลับหน้าหลัก

Brief Record : Get Marc (ISO 2709) : E-mail record : QR code < ปิดหน้าต่าง
LEADER : 00000nam 2200000uu 4500
001    13399111536
003     ULIB
008    110630s||||||||th 000 0 tha d
020    9747092816
050 04 BQ4570.L5^bซ911พ 2545
100 1  รินโปเช, โซเกียล
245 10 เพ่งพินิจเรื่องชีวิตและความตาย /^cโซเกียล รินโปเช ; พจนา จันทรสันติ ถอดความ
250    พิมพ์ครั้งที่ 1
260    กรุงเทพฯ :^bมูลนิธิโกมลคีมทอง,^c2545
300    1 เล่ม (ไม่มีเลขหน้า)
500    แปลจาก Glimpse after glimpse daily feflaction on living and dying
650  7 ชีวิต
650  7 ความตาย
700 00 พจนา จันทรสันติ,^eผู้แปล
740 00 Glimpse after glimpse daily feflaction on living and dying
945    ^p250^l0^i026700
995    ทศพร
999 ^a ใช้งานได้ทุกระบบ
รายการนี้ยังไม่มีแท็ก
คุณยังไม่ได้ล็อกอิน คุณสามารถมีกิจกรรมร่วมกับเว็บไซต์ได้ แต่ต้องล็อกอินก่อน ::
  ล็อกอิน

รายการสื่อสารสนเทศ

ลำดับที่ ประเภท เลขเรียก/บาร์โค้ด สถานที่ สถานะ
- ไม่พบข้อมูล -

รายการใกล้เคียง
    ผู้แต่ง [รินโปเช, โซเกียล]

    หัวเรื่อง [ชีวิต]
    หัวเรื่อง [ความตาย]

BibComment


ยังไม่เคยถูกคอมเมนท์

คอมเมนท์ทรัพยากรรายการนี้
  คอมเมนท์: เพ่งพินิจเรื่องชี..


 Copyright 2026. Bcnsprnw @Library